Sedembolestná

Podrobná bibliografia
Hlavný autor: Iľko, Ján (Author)
Médium: Článok
Jazyk:Slovak
Témy:
Zdroj: 1. Slovo 1. Roč. 27, č. 18(1995), s. 8
LEADER 00804nab#a2200337#ar4500
001 000039655
003 SVKKK
005 00000000000000.0
008 c xo e sloo
FMT
038 |a SVKKK 
040 |a SVKKK  |b slo  |e AACR2 
041 0 |a slo 
044 |a xo  |c SK 
080 |a 885.4-  |2 1981 
100 1 |a Iľko, Ján  |4 aut 
245 1 0 |a Sedembolestná  |c Iľko Ján, 
600 1 4 |a Iľko, Ján,  |d ?,  |x básnik náboženský  |x Sečovská Polianka(VV)  |x pôsobenie 
650 0 4 |a básne 
650 0 4 |a literatúra slovenská  |x texty 
773 0 |t Slovo  |g Roč. 27, č. 18(1995), s. 8 
957 |a Sečovská Polianka 
958 |a LV 
958 |a NP 
958 |a RE 
958 |a VV 
974 |d 970114  |a SAB 
992 |a RBX 
BAS
852 |a SVKKK  |b BIB 
998 |a REG